000
00334nam a22001457a 4500
008
230517b ||||| |||| 00| 0 eng d
020
_a
9780323037426
041
_a
eng
080
_2
SEVENTH EDITION
_a
610.73
082
_a
610.73LEW
100
_a
7
101
_a
INF
245
_a
MEDICAL SURGICAL NURSING
_c
LEWIS
942
_2
udc
_c
BK
999
_c
59762
_d
59762